000 00632cam a2200145 4500500
005 20251228092932.0
041 _afre
042 _adc
100 1 0 _aUeltschi, Karin
_eauthor
245 0 0 _aClaude Lecouteux, Aux frontières du merveilleux. Appréhender le monde au Moyen Âge, éd. Florence Bayard, Astrid Guillaume, Paris, Éditions Imago, 2023 ; 1 vol., 272 p. ISBN : 978-2-38089-077-8. Prix : € 24,00
260 _c2025.
500 _a23
786 0 _nLe Moyen Age | CXXX | 3 | 2025-04-30 | p. 1072-1074 | 0027-2841
856 4 1 _uhttps://shs.cairn.info/revue-le-moyen-age-2024-3-page-1072?lang=fr&redirect-ssocas=7080
999 _c1603929
_d1603929